Modern Day Countries from the Bible - Statistics

General Stats
  • This quiz has been taken 28 times
    5 since last reset
  • The average score is 22 of 48
Answers on the Map
Answers color-coded by a green-red scale on the quiz's map according to % correct below.
 
Answer Stats
Answer % Correct
France
80%
Israel
80%
Italy
80%
Cyprus
60%
Bosnia and Herzegovina
60%
Egypt
60%
Greece
60%
India
60%
Jordan
60%
Lebanon
60%
Russia
60%
Spain
60%
Syria
60%
Turkey
60%
Albania
40%
Armenia
40%
Austria
40%
Azerbaijan
40%
Bahrain
40%
Bulgaria
40%
Croatia
40%
Eritrea
40%
Ethiopia
40%
Georgia
40%
Hungary
40%
Iran
40%
Iraq
40%
Kosovo
40%
Kuwait
40%
Libya
40%
Montenegro
40%
North Macedonia
40%
Oman
40%
Pakistan
40%
Portugal
40%
Qatar
40%
Romania
40%
Saudi Arabia
40%
Serbia
40%
Serbia
40%
Slovenia
40%
South Sudan
40%
Sudan
40%
Ukraine
40%
United Arab Emirates
40%
Yemen
40%
Malta
20%
Palestine
20%
No matching quizzes found
Score Distribution
Percent of People with Each Score
Percentile by Number Answered
Your Score History
You have not taken this quiz since the last reset